| Поле | Инд. | ПП | Название | Значение |
|---|---|---|---|---|
| Тип записи | a | |||
| Библиографический уровень | b | |||
| 001 | Контрольный номер | RU/IS/BASE/457465597 | ||
| 005 | Дата корректировки | 20200601191444.0 | ||
| 008 | Кодируемые данные | 20140630 | ||
| 040 | b | Код языка каталог. | rus | |
| e | Правила каталог. | PSBO | ||
| 041 | 0_ | a | Код языка текста | rus |
| 084 | a | Индекс другой классификации/Индекс ББК | 65.305142; 65.5 | |
| 100 | 1_ | a | Автор | Александров В. Н. |
| q | Полное имя | Александров Владимир Николаевич | ||
| 245 | 10 | a | Заглавие | Программы инновационного развития госкомпаний электроэнергетической отрасли: инициация, формирование, реализация |
| 504 | a | Библиография | Лит. в конце статьи | |
| 520 | 0_ | a | Аннотация | Выделены три проблемы: выбор стратегий инновационного развития с точки зрения возможности их практической реализации; выбор основных технологических напрвлений инновационного развития; осуществление реализации интелектуальной энергетической системы в рамках энергетической и смежных отраслей. Проанализированы цели и задачи инновационых программ четырех крупных госкомпаний, играющих ключевые роли в отрасли: ОАО "ФСК ЕЭС", ОАО "СО ЕЭС", ОАО "РусГидро", ОАО "РАО ЭС Востока". Предложено создание единого электроэнергетического отраслевого центра компетенций и стандартитации, совмещенного с инновационным энергопарком. |
| 650 | 14 | a | Основная рубрика | мировая экономика |
| a | Основная рубрика | экономика | ||
| a | Основная рубрика | экономика промышленности | ||
| 653 | 1_ | a | Ключевые слова | "РАО ЭС Востока" (ОАО) |
| a | Ключевые слова | "РусГидро" (ОАО) | ||
| a | Ключевые слова | "Системный оператор Единой энергетической системы России" (ОАО "СО ЕЭС") | ||
| a | Ключевые слова | "умные сети" | ||
| a | Ключевые слова | "Федеральная сетевая компания Единой энергетической системы России" (ОАО "ФСК ЕЭС") | ||
| a | Ключевые слова | Smart Grid | ||
| a | Ключевые слова | государственные компании | ||
| a | Ключевые слова | Единая энергетическая система (ЕЭС) России | ||
| a | Ключевые слова | запасы нефти | ||
| a | Ключевые слова | инновационная деятельность | ||
| a | Ключевые слова | инновационное развитие | ||
| a | Ключевые слова | Россия | ||
| a | Ключевые слова | синергетический эффект | ||
| a | Ключевые слова | технологии | ||
| a | Ключевые слова | технологии широкого применения | ||
| a | Ключевые слова | финансирование инноваций | ||
| a | Ключевые слова | экономический кризис | ||
| a | Ключевые слова | электроэнергетика | ||
| a | Ключевые слова | электроэнергетические компании | ||
| a | Ключевые слова | энергетика | ||
| a | Ключевые слова | энергетическая система | ||
| a | Ключевые слова | энергетические запасы | ||
| 773 | 08 | t | Заглавие источника | Экономический журнал ВШЭ |
| d | Дата издания источника | 2013 | ||
| g | Прочая информация | Т. 17, № 2. - С. 301 - 322 : схем., табл. | ||
| w | Контрольный № источника | RU/IS/BASE/425146877 | ||
| 901 | t | Тип документа | b |